African Countries Speedrun - Statistics

General Stats
  • This quiz has been taken 38 times
  • The average score is 46 of 54
Answers on the Map
Answers color-coded by a green-red scale on the quiz's map according to % correct below.
 
Answer Stats
Country % Correct
Algeria
97%
DR Congo
97%
Morocco
97%
Chad
94%
Egypt
94%
Libya
94%
Mali
94%
Niger
94%
Nigeria
94%
Togo
94%
Tunisia
94%
Botswana
90%
Central African Republic
90%
Congo
90%
Ghana
90%
Madagascar
90%
South Africa
90%
South Sudan
90%
Sudan
90%
Tanzania
90%
Angola
87%
Benin
87%
Cameroon
87%
Eritrea
87%
Ethiopia
87%
Namibia
87%
Somalia
87%
Uganda
87%
Zambia
87%
Zimbabwe
87%
Djibouti
84%
Gambia
84%
Kenya
84%
Malawi
84%
Mauritania
84%
Mauritius
84%
Rwanda
84%
Senegal
84%
Burundi
81%
Comoros
81%
Cote d'Ivoire
81%
Mozambique
81%
Burkina Faso
77%
Eswatini
77%
Gabon
77%
Lesotho
77%
Liberia
77%
Equatorial Guinea
74%
Guinea
74%
Sierra Leone
71%
Sao Tome & Principe
68%
Seychelles
68%
Guinea-Bissau
65%
Cabo Verde
52%
No matching quizzes found
Score Distribution
Percent of People with Each Score
Percentile by Number Answered
Your Score History
You have not taken this quiz